000 00445nam a2200181Ia 4500
001 8329
005 20260306160601.0
008 260306t2011||||xx |||||||||||||| ||spa||
041 _aESP
082 _a370.155
_bS29
100 _aSchinca, Marta
_eAUT
245 0 _aManual de psicomotricidad, ritmo y expresión corporal
260 _c2011
300 _a167 páginas :
_c24 cm.
650 _aGEN
654 _aCED
942 _cLIB
_dJUS
_fJUS
_2ddc
_n
999 _c8329
_d8329